000 00494nam a2200181Ia 4500
005 20250326124725.0
008 250326s9999 xx 000 0 und d
037 _aTextbook
040 _aFMSL
_beng
_cFMSL
041 _aeng
_2eng
084 _aX:87.1 L2
_qFMSL
100 _aCopeman G
_9737783
245 0 _aChief executive and business growth
_cCopeman G
260 _aNY
_bNY, Leviathan House
_c1972
300 _a362p
942 _cTB
_hX:87.1 L2
999 _c1274926
_d1274926